1106 1742 1177 1010 1523 1566 1880 1400 1982 1648 1106 1207 1251 1272 1526 1550 1232 1489 1236 1202 1509 1640 1430 1731 1790 1569 1972 1258 1082 1507 1749 1239 1349 1390 1228 1344 1360 1125 1025 1202 1235 1711 1547 1429 1499 1236 1994 1229 1204 1929 1211 1169 1257 1361 1151 1098 1334 1593 1777 1510 1959 1524 1222 1295 1372 1859 1497 1154 1322 1037 1077 1860 1944 1292 1475 1998 1548 1386 1275 1196 1906 1230 1082 1156 1899 1879 1329 1388 1191 1995 1482 1101 1513 1800 1168 1435 1050 1475 1049 BCNSPRNW ULIB Ver.6.0+V

เปลี่ยนเป็นภาษาไทย

Change to English
 แสดงรายละเอียดบรรณานุกรม
  กลับหน้าหลัก

Brief Record : Get Marc (ISO 2709) : E-mail record : QR code < ปิดหน้าต่าง
LEADER : 00000nam 2200000uu 4500
001    13399122708
003     ULIB
008    020711s2555 th a 000 0 tha d
020    9786160005413
050  4 DS520^bธ639ท
100    ธีรภาพ โลหิตกุล
245    ท่องแดนอาเซียน /^cธีรภาพ โลหิตกุล และคณะ
260    กรุงเทพฯ :^bสถาพรบุ๊คส์,^c2555
300    205 หน้า
650  7 ประชาคมอาเซียน
650  0 ท่องเที่ยว^xอาเซียน
945    ^p250^l0^i20147
999    ^aทศพร เกษรทอง
รายการนี้ยังไม่มีแท็ก
คุณยังไม่ได้ล็อกอิน คุณสามารถมีกิจกรรมร่วมกับเว็บไซต์ได้ แต่ต้องล็อกอินก่อน ::
  ล็อกอิน

รายการสื่อสารสนเทศ

ลำดับที่ ประเภท เลขเรียก/บาร์โค้ด สถานที่ สถานะ
1. การศึกษาทั่วไป
การศึกษาทั่วไป
DS520 ธ639ท ฉ.1 
  Barcode: 20147
ห้องสมุดวิทยาเขตนครสวรรค์
►หนังสือทั่วไป:l:General Books
บนชั้น

รายการใกล้เคียง
    ผู้แต่ง [ธีรภาพ โลหิตกุล]

    หัวเรื่อง [ประชาคมอาเซียน]

BibComment


ยังไม่เคยถูกคอมเมนท์

คอมเมนท์ทรัพยากรรายการนี้
  คอมเมนท์: ท่องแดนอาเซียน ธ..


 Copyright 2026. Bcnsprnw @Library